Widok standardowy
Widok MARC
Pozycja Personal Name
Liczba rekordów, w których użyto hasła: 1
001 - Numer kontrolny
- control field: 39523
003 - Identyfikator numeru kontrolnego
- control field: NUKAT
005 - Data i czas ostatniej modyfikacji
- control field: 20260407123021.0
008 - Dane kontrolne kodowane (40 znaków)
- fixed length control field: 170912n||azznnbabn |a aaa |
010 ## - Numer kontrolny Biblioteki Kongresu
- numer kontrolny LC: p 2017120219
024 7# - OTHER STANDARD IDENTIFIER
- Standard number or code: 78150868300422072866
- Source of number or code: viaf
035 ## - Numer systemowy
- numer systemowy: a36806638
035 ## - Numer systemowy
- numer systemowy: (PL)a0000003680663
040 ## - Instytucja sporządzająca rekord
- inst. przygot. dane do rek. khw: WA N
- język haseł przedmiotowych/tezaurus: DBN
- inst. wprow. rek. khw: WA N
043 ## - Kod obszaru geograficznego
- ISO code: PL
046 ## - Special dates
- Birth date: 1897
- Death date: 1940
100 1# - Hasło - nazwa osobowa
- nazwa osobowa w formie ujednoliconej: Rożek, Tadeusz
- daty biograficzne: (1897-1940)
370 ## - Associated place
- Country: Polska
374 ## - Occupation
- Occupation: Oficerowie
375 ## - Gender
- Gender: 1
- Source of term: iso5218
377 ## - Assoc lang
- Lang code: pol
378 ## - Full form name
- Full form name: Rożek, Tadeusz Wiktor
400 1# - Trop zob. - nazwa osobowa
- nazwa osobowa (nazwisko, imiona): Rożek, Tadeusz Wiktor
670 ## - Źródło informacji
- źródło informacji: [Portret kapitana Tadeusza Rożka]. - 1934.
670 ## - Źródło informacji
- źródło informacji: Tadeusz Rożek - oficer i fotograf. - Wrocław ; Warszawa, 2019.
670 ## - Źródło informacji
- źródło informacji: Ofic.
682 ## - Informacja o usuniętym haśle
- tekst wyjaśniający: zmienione z:
- zastąpione hasło: Rożek, Tadeusz (1897-?)